Application of Import and Export Intensity Index to the Visegrad Group‘s Trade with the People’s Republic of China

Indexy intenzity vývozu a dovozu medzi krajinami V4 a Čínou za posledných päť rokov. Identifikácia podielu vývozu a dovozu medzi týmito krajinami na medzinárodnom obchode od roku 2001.

Gespeichert in:
Bibliographische Detailangaben
1. Verfasser: Bronček, Juraj
Format: Buchkapitel
Sprache:Englisch
Schlagworte:
Tags: Tag hinzufügen
Keine Tags, Fügen Sie das erste Tag hinzu!

MARC

LEADER 00000nla a2200000 4500
001 0240474
005 20240502073916.3
041 0 |a eng 
044 |a SK 
245 1 0 |a Application of Import and Export Intensity Index to the Visegrad Group‘s Trade with the People’s Republic of China  |c Juraj Bronček 
520 |a Indexy intenzity vývozu a dovozu medzi krajinami V4 a Čínou za posledných päť rokov. Identifikácia podielu vývozu a dovozu medzi týmito krajinami na medzinárodnom obchode od roku 2001. 
610 2 0 |a indexy 
610 2 0 |a indexy súhrnné 
610 2 0 |a indexy objemové 
610 2 0 |a dovoz 
610 2 0 |a vývoz 
610 2 0 |a Čína 
610 2 0 |a Vyšehradská štvorka 
610 2 0 |a obchod medzinárodný 
100 1 |a Bronček, Juraj